01501nam a2200229 a 450000100100000000500170001000800410002704000250006810000380009324500820013126000680021330000170028150001630029804900090046195201300047095201200060095201200072095201200084095201210096095201730108199900170125400002835020200930031549.0110408s1947 dr 000 0 spa d aDO-SdBNPbspacBNPHU1 aPrats Ramírez, Francisco95203210aSan Martín :bejemplar ciudadano de América /cFrancisco Prats Ramírez. aCiudad Trujillo, República Dominicana :bPol Hermanos,c1947. a20 p. ;ccm. aDiscurso pronunciado en la solemne sesión conjunta celebrada por el Senado y al aCámara de diputados con motivo del Día Panamericano 14 de abril de 1947 aBNPD 001054708DSaGRbGRcCTd2011-04-08iLF1l0o p28350-30r2020-06-25te. 3w2020-06-25yLFDSzDedicadoZPréstamo en sala 001054708DSaGRbGRcCTd2011-04-08iLF1l0o p28350-40r2020-06-25te. 4w2020-06-25yLFDSZPréstamo en sala 001054708DSaGRbGRcCTd2011-04-08iLF1l0o p28350-50r2020-06-25te. 5w2020-06-25yLFDSZPréstamo en sala 001054708PDaGRbGRcCTd2011-06-14iLF1l0o p28350-60r2020-06-25te. 6w2020-06-25yLFPDZPréstamo en sala 0010718PDaPDbPDcCTd2011-04-08iLF1l0o p28350-20r2020-06-25te. 2w2020-06-25yLFPDzDedicadoZNo se presta 001050718RVaPDbPDcHDd2011-04-08iLF1l0o p28350-10r2020-06-25w2020-06-25y1zPerteneció a la biblioteca personal de Martínez Boog. DedicadoZNo se presta c27842d27842